[Event "Aragon-chT Honor Pl 7-10"]
[Site "Aragon"]
[Date "2022.03.19"]
[Round "8.16"]
[White "Gonzalez Gambau, Jorge"]
[Black "Moya Gimeno, Raul"]
[Result "1-0"]
[WhiteElo "2068"]
[BlackElo "1877"]
[PlyCount "67"]
[EventDate "2022.03.19"]
[EventType "team-tourn"]
[EventRounds "9"]
[EventCountry "ESP"]
[SourceTitle "EXT 2024"]
[Source "ChessBase"]
[SourceDate "2023.10.10"]
[SourceVersion "1"]
[SourceVersionDate "2023.10.10"]
[SourceQuality "1"]
[WhiteTeam "Jaque Pirenauto"]
[BlackTeam "Marcos Frechin"]
[WhiteTeamCountry "ESP"]
[BlackTeamCountry "ESP"]

1. e4 c5 2. Nf3 Nc6 3. Nc3 e5 4. g3 Nf6 5. Bg2 Be7 6. d3 d6 7. h3 h6 8. 0-0 Be6 9. Be3 Qd7 10. Kh2 Nh7 11. Ng1 0-0 12. f4 f5 13. Nd5 Bxd5 14. exd5 Nb8 15. Qh5 Na6 16. a3 Nc7 17. c4 Bf6 18. fxe5 Bxe5 19. Nf3 Bf6 20. d4 b6 21. Rae1 Rae8 22. b4 f4 23. Bxf4 cxd4 24. Qg6 Kh8 25. Qd3 g5 26. Bd2 Qg7 27. Bc1 Rxe1 28. Rxe1 g4 29. hxg4 Qxg4 30. Re4 Qh5+ 31. Kg1 Re8 32. Bb2 Ng5 33. Nxg5 Bxg5 34. Qxd4+ 1-0

[Event "Aragon-chT Honor Titulo"]
[Site "Aragon"]
[Date "2019.03.23"]
[Round "9.6"]
[White "Glavina, Pablo"]
[Black "Gonzalez Gambau, Jorge"]
[Result "1-0"]
[WhiteElo "2397"]
[BlackElo "2101"]
[PlyCount "47"]
[EventDate "2019.03.16"]
[EventType "team-tourn"]
[EventRounds "10"]
[EventCountry "ESP"]
[SourceTitle "EXT 2020"]
[Source "ChessBase"]
[SourceDate "2019.10.17"]
[SourceVersion "1"]
[SourceVersionDate "2019.10.17"]
[SourceQuality "1"]
[WhiteTeam "St Casablanca"]
[BlackTeam "Jaque"]
[WhiteTeamCountry "ESP"]
[BlackTeamCountry "ESP"]

1. c4 c6 2. Nf3 d5 3. e3 Nf6 4. Nc3 g6 5. b3 Bg7 6. Bb2 0-0 7. Be2 Nbd7 8. d4 e6 9. 0-0 b6 10. cxd5 exd5 11. Ne5 Nxe5 12. dxe5 Nd7 13. f4 Nc5 14. b4 Ne6 15. b5 d4 16. Ne4 c5 17. Nd6 f6 18. exd4 cxd4 19. Bc4 fxe5 20. fxe5 Bd7 21. Qxd4 Kh8 22. Rxf8+ Qxf8 23. Qd5 Nc7 24. Nf7+ 1-0

[Event "Aragon-chT Preferente A"]
[Site "Aragon"]
[Date "2016.02.06"]
[Round "2.42"]
[White "Hernandez Delgado, Gabriel"]
[Black "Gonzalez Gambau, Jorge"]
[Result "1/2-1/2"]
[WhiteElo "1905"]
[BlackElo "2126"]
[PlyCount "152"]
[EventDate "2016.01.30"]
[EventType "team-tourn"]
[EventRounds "9"]
[EventCountry "ESP"]
[SourceTitle "EXT 2018"]
[Source "ChessBase"]
[SourceDate "2017.10.13"]
[SourceVersion "1"]
[SourceVersionDate "2017.10.13"]
[SourceQuality "1"]
[WhiteTeam "El Olivar III"]
[BlackTeam "Jaque"]
[WhiteTeamCountry "ESP"]
[BlackTeamCountry "ESP"]

1. Nf3 d5 2. g3 Nf6 3. Bg2 e6 4. 0-0 Bd6 5. d3 Nbd7 6. Nbd2 0-0 7. e4 c6 8. Re1 e5 9. exd5 cxd5 10. c4 Re8 11. cxd5 Nxd5 12. Nc4 N7b6 13. Nfxe5 Bf5 14. Nxb6 Nxb6 15. Nc4 Nxc4 16. dxc4 Rxe1+ 17. Qxe1 Bb4 18. Bg5 Bxe1 19. Bxd8 Bxf2+ 20. Kxf2 Rxd8 21. Re1 Rd2+ 22. Re2 Rxe2+ 23. Kxe2 b6 24. b4 Kf8 25. Ke3 Ke7 26. Kd4 Kd6 27. c5+ bxc5+ 28. bxc5+ Kc7 29. a3 Bd7 30. Bd5 f6 31. Bg8 h6 32. Bf7 Bf5 33. Be8 Bc8 34. Bg6 Be6 35. Be4 Bf7 36. Bd5 Bg6 37. Ke3 Bc2 38. h4 a5 39. Kd2 Ba4 40. Kc3 g5 41. Kd4 Bc2 42. Bf7 Bb1 43. Be8 Ba2 44. Ke4 Bb1+ 45. Kd5 Ba2+ 46. Ke4 Bb1+ 47. Kd4 Ba2 48. Bg6 Bb3 49. Be4 Bd1 50. Kc4 Ba4 51. Bb1 Be8 52. Bc2 Bc6 53. Bf5 Ba4 54. hxg5 hxg5 55. Be4 Bd7 56. Bd5 Ba4 57. Kd4 Bc2 58. Ke3 Bf5 59. Bb3 Bg6 60. Ba4 Bf5 61. Kd4 Bb1 62. Kc4 f5 63. Bd1 f4 64. gxf4 gxf4 65. Bf3 Bc2 66. Kb5 a4 67. Kb4 Kd7 68. Kc3 Bb3 69. Kd4 Ke6 70. Bg4+ Kf6 71. c6 Be6 72. Bd1 Ke7 73. Bxa4 Kd6 74. Ke4 Bd5+ 75. Kxf4 Bxc6 76. Bxc6 Kxc6 1/2-1/2

[Event "Aragon-chT Honor Titulo"]
[Site "Aragon"]
[Date "2014.03.22"]
[Round "9.7"]
[White "Lopez Gracia, Fernando"]
[Black "Gonzalez Gambau, Jorge"]
[Result "1-0"]
[WhiteElo "2354"]
[BlackElo "2123"]
[PlyCount "63"]
[EventDate "2014.01.25"]
[EventType "team-tourn"]
[EventRounds "11"]
[EventCountry "ESP"]
[SourceTitle "EXT 2015"]
[Source "ChessBase"]
[SourceDate "2014.11.20"]
[SourceVersion "1"]
[SourceVersionDate "2014.11.20"]
[SourceQuality "1"]
[WhiteTeam "St Casablanca"]
[BlackTeam "Casino Jaque"]
[WhiteTeamCountry "ESP"]
[BlackTeamCountry "ESP"]

1. d4 d5 2. c4 c6 3. cxd5 cxd5 4. Nf3 Nf6 5. Nc3 Nc6 6. Bf4 Ne4 7. e3 Nxc3 8. bxc3 e6 9. Bd3 Bd6 10. Bxd6 Qxd6 11. 0-0 0-0 12. Re1 Bd7 13. e4 dxe4 14. Rxe4 f5 15. Re3 Ne7 16. c4 Nc6 17. c5 Qf4 18. Bc4 Rae8 19. Qb3 Na5 20. Qc3 b6 21. Ne5 Bc8 22. c6 Rd8 23. Rd1 Rd6 24. Bf1 Rfd8 25. c7 Rf8 26. Qb4 Rd5 27. g3 Qh6 28. Bg2 f4 29. Rc3 fxg3 30. hxg3 Qh5 31. Re1 Bb7 32. Bxd5 1-0

[Event "Aragon-chT Honor GrA"]
[Site "Aragon"]
[Date "2014.02.22"]
[Round "5.3"]
[White "Martinez Cebolla, Alberto"]
[Black "Gonzalez Gambau, Jorge"]
[Result "1/2-1/2"]
[WhiteElo "2054"]
[BlackElo "2123"]
[PlyCount "46"]
[EventDate "2014.01.25"]
[EventType "team-tourn"]
[EventRounds "7"]
[EventCountry "ESP"]
[SourceTitle "EXT 2015"]
[Source "ChessBase"]
[SourceDate "2014.11.20"]
[SourceVersion "1"]
[SourceVersionDate "2014.11.20"]
[SourceQuality "1"]
[WhiteTeam "IberCaja"]
[BlackTeam "Casino Jaque"]
[WhiteTeamCountry "ESP"]
[BlackTeamCountry "ESP"]

1. e4 c6 2. d4 d5 3. exd5 cxd5 4. Bd3 Nc6 5. c3 Nf6 6. Bf4 Bg4 7. Qb3 Qd7 8. Nd2 e6 9. Ngf3 Bxf3 10. Nxf3 Bd6 11. Bxd6 Qxd6 12. Qxb7 Rb8 13. Qa6 0-0 14. Bb5 Rb6 15. Qa4 Ne7 16. 0-0 Qb8 17. Bd3 Rxb2 18. Rab1 Rxb1 19. Rxb1 Qc7 20. Rb3 Rb8 21. Rxb8+ Qxb8 22. Qb4 Qc7 23. Ne5 g6 1/2-1/2

[Event "Aragon-chT Honor GrA"]
[Site "Aragon"]
[Date "2013.03.10"]
[Round "7.3"]
[White "Gonzalez Gambau, Jorge"]
[Black "Vasilev, Vas"]
[Result "1-0"]
[WhiteElo "2118"]
[BlackElo "1942"]
[PlyCount "71"]
[EventDate "2013.01.26"]
[EventType "team"]
[EventRounds "7"]
[EventCountry "ESP"]
[SourceTitle "EXT 2014"]
[Source "ChessBase"]
[SourceDate "2013.11.20"]
[SourceVersion "1"]
[SourceVersionDate "2013.11.20"]
[SourceQuality "1"]
[WhiteTeam "Casino Jaque"]
[BlackTeam "Caissa Hermanos Cortes"]
[WhiteTeamCountry "ESP"]
[BlackTeamCountry "ESP"]

1. e4 g6 2. d4 Bg7 3. Nc3 c6 4. f4 d5 5. e5 h5 6. Bd3 Nh6 7. Nf3 Bg4 8. h3 Bxf3 9. Qxf3 e6 10. Be3 h4 11. 0-0-0 Nd7 12. Kb1 b5 13. g4 hxg3 14. h4 Nf5 15. Bxf5 gxf5 16. h5 Bh6 17. Qxg3 Nb6 18. Bf2 Nc4 19. b3 Na3+ 20. Kb2 Qa5 21. Nb1 Nxc2 22. Kxc2 Qxa2+ 23. Kc1 0-0-0 24. Rd2 Qa1 25. Be3 c5 26. Qf2 cxd4 27. Bxd4 Qa6 28. Ra2 Qxa2 29. Qxa2 Bxf4+ 30. Kb2 Rd7 31. Nc3 Rg8 32. Qa6+ Kd8 33. Qxb5 Rg2+ 34. Kb1 Kc8 35. h6 Rg8 36. Qc6+ 1-0

[Event "Aragon-chT Honor Descenso"]
[Site "Aragon"]
[Date "2012.03.31"]
[Round "9.19"]
[White "Gonzalez Gambau, Jorge"]
[Black "Sanmartin Agustin, Alvaro"]
[Result "1-0"]
[WhiteElo "2097"]
[BlackElo "2026"]
[PlyCount "35"]
[EventDate "2012.02.04"]
[EventType "team-tourn"]
[EventRounds "11"]
[EventCountry "ESP"]
[SourceTitle "EXT 2014"]
[Source "ChessBase"]
[SourceDate "2013.11.20"]
[SourceVersion "1"]
[SourceVersionDate "2013.11.20"]
[SourceQuality "1"]
[WhiteTeam "Casino Jaque"]
[BlackTeam "Ramiro"]
[WhiteTeamCountry "ESP"]
[BlackTeamCountry "ESP"]

1. e4 c5 2. Nc3 Nc6 3. g3 e6 4. Bg2 Rb8 5. d3 b5 6. Be3 b4 7. Nce2 Nf6 8. f4 Bb7 9. Nf3 d5 10. exd5 exd5 11. d4 Qe7 12. Bf2 Ng4 13. 0-0 Qf6 14. h3 Nxf2 15. Rxf2 c4 16. c3 Bd6 17. Ne5 Ne7 18. Qa4+ 1-0

[Event "Aragon-chT"]
[Site "Aragon"]
[Date "2009.03.07"]
[Round "6"]
[White "Lopez Guaita, Fernando"]
[Black "Gonzalez Gambau, Jorge"]
[Result "0-1"]
[WhiteElo "2062"]
[BlackElo "2033"]
[PlyCount "48"]
[EventDate "2009.01.24"]
[EventType "team-swiss"]
[EventRounds "9"]
[EventCountry "ESP"]
[SourceTitle "EXT 2011"]
[Source "ChessBase"]
[SourceDate "2010.11.26"]
[SourceVersion "1"]
[SourceVersionDate "2010.11.26"]
[SourceQuality "1"]

1. e4 c6 2. d4 d5 3. exd5 cxd5 4. c4 Nf6 5. Nc3 Nc6 6. Nf3 Bg4 7. Be2 e6 8. 0-0 dxc4 9. Qa4 Be7 10. Qxc4 0-0 11. h3 Bh5 12. Be3 Rc8 13. Qa4 Nd5 14. Ne4 Qb6 15. Rab1 Bg6 16. Nfd2 f5 17. Nc5 f4 18. Nc4 Qb4 19. Qxb4 Ndxb4 20. Bd2 Nxd4 21. Rbe1 Bxc5 22. Ne5 Nxe2+ 23. Rxe2 Bd3 24. Bxb4 Bxe2 0-1

[Event "Aragon-chT"]
[Site "Aragon"]
[Date "2009.01.24"]
[Round "1"]
[White "Gonzalez Gambau, Jorge"]
[Black "Sebastian Bespin, Ruben"]
[Result "0-1"]
[WhiteElo "2033"]
[BlackElo "2086"]
[PlyCount "56"]
[EventDate "2009.01.24"]
[EventType "team-swiss"]
[EventRounds "9"]
[EventCountry "ESP"]
[SourceTitle "EXT 2011"]
[Source "ChessBase"]
[SourceDate "2010.11.26"]
[SourceVersion "1"]
[SourceVersionDate "2010.11.26"]
[SourceQuality "1"]

1. e4 e6 2. Nc3 d5 3. Nf3 Nf6 4. e5 Nfd7 5. d4 c5 6. dxc5 Nc6 7. Bf4 Bxc5 8. Bd3 f6 9. exf6 Nxf6 10. Qe2 0-0 11. 0-0-0 Qa5 12. Kb1 a6 13. Ne5 Ba3 14. Nxc6 bxc6 15. bxa3 Qxc3 16. Bd6 Rf7 17. Bb4 Rb8 18. Qe3 Rxb4+ 19. axb4 Qxb4+ 20. Kc1 Ng4 21. Qh3 Qa3+ 22. Kd2 Rxf2+ 23. Be2 Qb4+ 24. Kc1 Rxe2 25. Qh5 Qf4+ 26. Kb1 g6 27. Qh4 Qb4+ 28. Kc1 Rxc2+ 0-1

[Event "Autonomico-chT"]
[Site "Aragon"]
[Date "2005.03.19"]
[Round "8.34"]
[White "Valiente Roy, Jose Javier"]
[Black "Gonzalez Gambau, Jorge"]
[Result "1/2-1/2"]
[WhiteElo "2051"]
[BlackElo "1991"]
[PlyCount "75"]
[EventDate "2005.01.22"]
[EventType "team"]
[EventRounds "12"]
[EventCountry "ESP"]
[SourceTitle "EXT 2006"]
[Source "ChessBase"]
[SourceDate "2005.11.24"]
[SourceVersion "1"]
[SourceVersionDate "2005.11.24"]
[SourceQuality "1"]

1. d4 d5 2. c4 Nc6 3. cxd5 Qxd5 4. e3 e5 5. Nc3 Bb4 6. Bd2 Bxc3 7. Bxc3 exd4 8. Ne2 Bg4 9. f3 Bd7 10. Nxd4 Nxd4 11. Qxd4 Qxd4 12. Bxd4 f6 13. Rc1 c6 14. Bc4 Ne7 15. e4 Ng6 16. 0-0 b6 17. Rfd1 Ne5 18. Bb3 c5 19. Bf2 0-0-0 20. a4 Bc6 21. Bg3 Rhe8 22. Rxd8+ Rxd8 23. Rd1 Rxd1+ 24. Bxd1 Nc4 25. b3 Ne3 26. Be2 Nc2 27. Ba6+ Bb7 28. Bc4 Kd7 29. e5 Nd4 30. exf6 gxf6 31. Kf2 a6 32. Ke1 b5 33. axb5 axb5 34. Bg8 Ke7 35. Bf2 Kd6 36. Bg3+ Ke7 37. Bf2 Kd6 38. Bg3+ 1/2-1/2

[Event "Autonomico-chT"]
[Site "Aragon"]
[Date "2005.01.22"]
[Round "1.42"]
[White "Gonzalez Gambau, Jorge"]
[Black "Palacios, Elias"]
[Result "0-1"]
[WhiteElo "1991"]
[BlackElo "2235"]
[PlyCount "62"]
[EventDate "2005.01.22"]
[EventType "team"]
[EventRounds "12"]
[EventCountry "ESP"]
[SourceTitle "EXT 2006"]
[Source "ChessBase"]
[SourceDate "2005.11.24"]
[SourceVersion "1"]
[SourceVersionDate "2005.11.24"]
[SourceQuality "1"]

1. e4 d5 2. exd5 Nf6 3. d4 Bg4 4. Nf3 Qxd5 5. Be2 Nc6 6. c4 Qf5 7. 0-0 e6 8. Nc3 0-0-0 9. Be3 Bc5 10. Qb3 Bxd4 11. Nxd4 Rxd4 12. f3 Qe5 13. Bxd4 Nxd4 14. Qa4 a6 15. fxg4 Nxe2+ 16. Nxe2 Qxe2 17. Rfe1 Qxb2 18. Rad1 Qb6+ 19. Kf1 Nxg4 20. c5 Qb5+ 21. Qxb5 axb5 22. Rd4 Nf6 23. Rb4 c6 24. a4 Nd5 25. Rb2 b4 26. a5 Kd7 27. Ra1 Ra8 28. Ke2 e5 29. Kf3 Ke6 30. g4 f6 31. Rba2 e4+ 0-1